<?xml version="1.0" encoding="UTF-8"?><?xml-stylesheet type="text/xsl" href="static/style.xsl"?><OAI-PMH xmlns="http://www.openarchives.org/OAI/2.0/" xmlns:xsi="http://www.w3.org/2001/XMLSchema-instance" xsi:schemaLocation="http://www.openarchives.org/OAI/2.0/ http://www.openarchives.org/OAI/2.0/OAI-PMH.xsd"><responseDate>2026-06-29T02:40:47Z</responseDate><request verb="GetRecord" identifier="oai:docta.ucm.es:20.500.14352/113550" metadataPrefix="marc">https://docta.ucm.es/rest/oai/request</request><GetRecord><record><header><identifier>oai:docta.ucm.es:20.500.14352/113550</identifier><datestamp>2025-03-18T15:05:07Z</datestamp><setSpec>com_20.500.14352_14</setSpec><setSpec>col_20.500.14352_15</setSpec></header><metadata><record xmlns="http://www.loc.gov/MARC21/slim" xmlns:dcterms="http://purl.org/dc/terms/" xmlns:xsi="http://www.w3.org/2001/XMLSchema-instance" xmlns:doc="http://www.lyncode.com/xoai" xsi:schemaLocation="http://www.loc.gov/MARC21/slim http://www.loc.gov/standards/marcxml/schema/MARC21slim.xsd">
   <leader>00925njm 22002777a 4500</leader>
   <datafield ind2=" " ind1=" " tag="042">
      <subfield code="a">dc</subfield>
   </datafield>
   <datafield ind2=" " ind1=" " tag="720">
      <subfield code="a">Camarero Calandria, Emma</subfield>
      <subfield code="e">author</subfield>
   </datafield>
   <datafield ind2=" " ind1=" " tag="720">
      <subfield code="a">Herrero-Diz, Paula</subfield>
      <subfield code="e">author</subfield>
   </datafield>
   <datafield ind2=" " ind1=" " tag="720">
      <subfield code="a">Varona Aramburu, David</subfield>
      <subfield code="e">author</subfield>
   </datafield>
   <datafield ind2=" " ind1=" " tag="260">
      <subfield code="c">2022-01-27</subfield>
   </datafield>
   <datafield ind2=" " ind1=" " tag="520">
      <subfield code="a">Esta investigación presenta los resultados del análisis de una entrevista focal a periodistas y una encuesta a estudiantes del Occidente de Honduras para conocer cómo se comportan estos cuando consumen información sobre violencia de género desde sus dispositivos móviles, y su contribución o no a la propagación de noticias falsas de esta temática. En un país con una de las tasas más altas de muertes por violencia de género del mundo, los resultados señalan una cierta cautela de los jóvenes a la hora de contribuir a viralizar contenidos dudosos, y una marcada preocupación de los periodistas sobre el tratamiento de la violencia de género en los medios.</subfield>
   </datafield>
   <datafield ind1="8" ind2=" " tag="024">
      <subfield code="a">Camarero Calandria, Emma; Herrero-Diz, Paula; y Varona Aramburu, David. (2022). Desinformación de género en Honduras: medios de comunicación y jóvenes frente a las noticias sobre violencia contra las mujeres. Estudios sobre el Mensaje Periodístico, 28(1), 41-52. https://doi.org/10.5209/esmp.73263</subfield>
   </datafield>
   <datafield ind1="8" ind2=" " tag="024">
      <subfield code="a">1988-2696</subfield>
   </datafield>
   <datafield ind1="8" ind2=" " tag="024">
      <subfield code="a">https://hdl.handle.net/20.500.14352/113550</subfield>
   </datafield>
   <datafield ind1="8" ind2=" " tag="024">
      <subfield code="a">https://dx.doi.org/10.5209/esmp.73263</subfield>
   </datafield>
   <datafield ind1="8" ind2=" " tag="024">
      <subfield code="a">https://revistas.ucm.es/index.php/ESMP/article/view/73263/4564456559868</subfield>
   </datafield>
   <datafield ind2="0" ind1="0" tag="245">
      <subfield code="a">Desinformación de género en Honduras: medios de comunicación y jóvenes frente a las noticias sobre violencia contra las mujeres</subfield>
   </datafield>
</record></metadata></record></GetRecord></OAI-PMH>